000
00302nam a22001457a 4500
003
SGT
082
_a
530 PRA
100
_a
PRAKASH,SATYA
245
_a
ENGINEERING PHYSICS
250
_a
12TH
260
_a
MEERUT
_b
PRAGATI PRAKASHAN
_c
2012
300
_a
364
650
_a
PHYSICS
942
_2
ddc
_c
FPS
_0
3
999
_c
10055
_d
10055